Fundamentals of management information system and computer application / (Record no. 28627)
[ view plain ]
| 000 -LEADER | |
|---|---|
| fixed length control field | 01182nam a2200277 i 4500 |
| 003 - CONTROL NUMBER IDENTIFIER | |
| control field | CSPC |
| 005 - DATE AND TIME OF LATEST TRANSACTION | |
| control field | 20241220144455.0 |
| 008 - FIXED-LENGTH DATA ELEMENTS--GENERAL INFORMATION | |
| fixed length control field | 241220s2023 ii a 001 0 eng d |
| 020 ## - INTERNATIONAL STANDARD BOOK NUMBER | |
| International Standard Book Number | 9789387985643 |
| 040 ## - CATALOGING SOURCE | |
| Original cataloging agency | CSPC |
| Language of cataloging | eng |
| Transcribing agency | CSPC |
| Description conventions | rda |
| 082 04 - DEWEY DECIMAL CLASSIFICATION NUMBER | |
| Edition number | 23 |
| Classification number | 658.4038 |
| Item number | R180f |
| 100 1# - MAIN ENTRY--PERSONAL NAME | |
| Personal name | Rao, Srinivasa B., |
| Relator term | author. |
| 245 10 - TITLE STATEMENT | |
| Title | Fundamentals of management information system and computer application / |
| Remainder of title | Srinivasa B. Rao. |
| 264 #1 - PRODUCTION, PUBLICATION, DISTRIBUTION, MANUFACTURE, AND COPYRIGHT NOTICE | |
| Place of production, publication, distribution, manufacture | New Delhi, India : |
| Name of producer, publisher, distributor, manufacturer | Horizon Press, |
| Date of production, publication, distribution, manufacture, or copyright notice | 2023. |
| 264 #2 - PRODUCTION, PUBLICATION, DISTRIBUTION, MANUFACTURE, AND COPYRIGHT NOTICE | |
| Name of producer, publisher, distributor, manufacturer | Keya International Press LLP |
| 300 ## - PHYSICAL DESCRIPTION | |
| Extent | vii, 248 pages : |
| Other physical details | illustrations ; |
| Dimensions | 24 cm. |
| 336 ## - CONTENT TYPE | |
| Source | rdacontent |
| Content type term | text |
| 337 ## - MEDIA TYPE | |
| Source | rdamedia |
| Media type term | unmediated |
| 338 ## - CARRIER TYPE | |
| Source | rdacarrier |
| Carrier type term | volume |
| 500 ## - GENERAL NOTE | |
| General note | Includes index. |
| 505 0# - FORMATTED CONTENTS NOTE | |
| Formatted contents note | Management information system -- Management control system -- Consumer retention and business management -- Computer networks and internet -- Computer programming languages -- Database management system. |
| 650 #0 - SUBJECT ADDED ENTRY--TOPICAL TERM | |
| Topical term or geographic name entry element | Management |
| General subdivision | Data processing. |
| 650 #0 - SUBJECT ADDED ENTRY--TOPICAL TERM | |
| Topical term or geographic name entry element | Management information systems. |
| 942 ## - ADDED ENTRY ELEMENTS (KOHA) | |
| Source of classification or shelving scheme | Dewey Decimal Classification |
| Suppress in OPAC | No |
| Koha item type | Books |
| Edition | 23 |
| Classification part | 658.4038 |
| Item part | R180f |
| Call number prefix | CIR |
| Call number suffix | 2023 |
| Withdrawn status | Lost status | Source of classification or shelving scheme | Damaged status | Not for loan | Home library | Current library | Shelving location | Date acquired | Total Checkouts | Full call number | Barcode | Date last seen | Copy number | Price effective from | Koha item type |
|---|---|---|---|---|---|---|---|---|---|---|---|---|---|---|---|
| Dewey Decimal Classification | Main Library | Main Library | Circulation Section | 12/20/2024 | CIR 658.4038 R180f 2023 | 028665 | 12/20/2024 | 1-1 | 12/20/2024 | Books |